Statistics for Countries with 1000+ Cases of the COVID-19 Coronavirus

Click here to take the quiz!

General Stats

  • This quiz has been taken 165 times
    (106 since last reset)
  • The average score is 30 of 41

Answer Stats

Answer# of Cases% Correct
Italy92,500
98%
United States121,700
97%
China81,400
96%
United Kingdom17,100
94%
Spain73,200
92%
France37,600
91%
Germany58,300
88%
Brazil3,900
86%
Canada5,600
84%
Japan2,400
84%
South Korea9,500
84%
India1,000
83%
Russia1,300
83%
Poland1,600
81%
Netherlands9,800
79%
Sweden3,400
79%
Belgium9,100
78%
Australia3,600
76%
Iran35,400
76%
Norway4,000
76%
Finland1,200
73%
Switzerland14,100
73%
Indonesia1,200
72%
Austria8,300
71%
Turkey7,400
70%
Greece1,100
69%
Denmark2,200
68%
Ireland2,400
68%
Portugal5,200
66%
South Africa1,200
63%
Pakistan1,500
62%
Saudi Arabia1,200
62%
Thailand1,200
61%
Czechia2,600
59%
Israel3,600
56%
Philippines1,100
54%
Romania1,500
54%
Malaysia2,300
52%
Chile1,900
48%
Luxembourg1,800
41%
Ecuador1,800
32%

Score Distribution

Percentile by Number Answered

Percent of People with Each Score

Your Score History

You have not taken this quiz since the last reset